| 000 | 01091nam a2200289 a 4500 | ||
|---|---|---|---|
| 001 | 17080 | ||
| 003 | BD-RjUL | ||
| 005 | 20211209000103.0 | ||
| 008 | 140216s1953 nyu b 000 0 engd | ||
| 035 | _a(BD-RjUL)17137 | ||
| 040 |
_aDLC _cCWR _dm.c _dBD-RjUL _beng |
||
| 041 | _aeng | ||
| 082 |
_a810.82 _bLIT 1953 |
||
| 245 | 0 | 0 |
_aLiterary history of the United States / _cEditors: Robert E. Spiller, Willard Thorp, Thomas H. Johnson [and] Henry Seidel Canby; associates: Howard Mumford Jones, Dixon Wecter [and] Stanley T. Williams |
| 250 | _aRev. ed. in one vol. | ||
| 260 |
_aNew York : _bMacmillan, _c1953 |
||
| 300 |
_axxii, 1456 p. : _bill, ; _c24 cm |
||
| 650 | 0 |
_aAmerican literature _xHistory and criticism. _952684 |
|
| 650 | 0 |
_aAmerican literature _vBibliography. _952685 |
|
| 700 | 1 |
_aSpiller, Robert Ernest, _d1896-1988 _9236583 |
|
| 700 | 1 |
_aThorp, Willard, _d1899-1990 _9236584 |
|
| 700 | 1 |
_aJohnson, Thomas Herbert. _9236585 |
|
| 700 | 1 |
_aCanby, Henry Seidel, _d1878-1961. _9236586 |
|
| 700 | 1 |
_aLudwig, Richard M., _d1920- _9236587 |
|
| 942 |
_2ddc _cBK |
||
| 999 |
_c17080 _d17080 |
||